000 00513nam a2200229 a 4500
001 nice12345678
003 IN_TiNIC
005 20260116011257.0
008 050524s0000 bosa grp 000 0 eng
020 _a
_c0
082 0 0 _a190
_bFRA
100 _aFrankel, C
245 _aCase for Modern Man.
260 _aBoston
_bBeacon Press
_c0000
300 _a241p
500 _aincludes index and biblioraphy
505 2 _aIndex
700 1 _aFrankel, C
902 _bSRS
942 _cBK
999 _c101
_d101